茨城県の戦前市制・町制 - Statistics

General Stats
  • This quiz has been taken 125 times
    108 since last reset
  • The average score is 48 of 60
Answer Stats
施行日 施行内容 所属郡 回答 % Correct
1889.04.01 市制 (市) 水戸市
100%
1889.04.01 町制 那珂郡 大宮町
96%
1889.04.01 町制 鹿島郡 鹿島町
96%
1889.04.01 町制 結城郡 結城町
96%
1889.04.01 町制 久慈郡 太田町
94%
1889.04.01 町制 鹿島郡 鉾田町
94%
1889.04.01 町制 筑波郡 筑波町
94%
1889.04.01 町制 真壁郡 下館町
94%
1889.04.01 町制 西葛飾郡 古河町
94%
1891.07.20 町制 久慈郡 大子町
94%
1939.09.01 市制 (市) 日立市
94%
1940.04.29 町制 那珂郡 勝田町
94%
1940.11.03 市制 (市) 土浦市
94%
1889.04.01 町制 豊田郡 水海道町
92%
1889.04.01 町制 北相馬郡 守谷町
92%
1889.04.01 町制 西茨城郡 笠間町
90%
1889.04.01 町制 稲敷郡 龍ヶ崎町
90%
1889.04.01 町制 真壁郡 下妻町
90%
1889.04.01 町制 北相馬郡 取手町
90%
1900.07.04 町制 猿島郡 岩井町
90%
1889.04.01 町制 行方郡 潮来町
88%
1889.04.01 町制 新治郡 石岡町
88%
1889.04.01 町制 真壁郡 真壁町
88%
1924.08.26 町制 多賀郡 日立町
88%
1889.04.01 町制 新治郡 土浦町
84%
1889.04.01 町制 猿島郡 境町
84%
1889.04.01 町制 筑波郡 谷田部町
82%
1934.06.10 町制 那珂郡 瓜連町
82%
1889.04.01 町制 東茨城郡 小川町
80%
1889.04.01 町制 那珂郡 湊町
80%
1889.04.01 町制 稲敷郡 江戸崎町
80%
1925.01.01 町制 西茨城郡 岩瀬町
80%
1928.01.01 町制 鹿島郡 波崎町
80%
1945.05.07 町制 稲敷郡 阿見町
80%
1889.04.01 町制 行方郡 麻生町
78%
1889.04.01 町制 行方郡 玉造町
78%
1897.08.24 町制 結城郡 石下町
78%
1923.03.01 町制 西茨城郡 岩間町
78%
1925.01.01 町制 多賀郡 磯原町
78%
1942.09.08 町制 那珂郡 菅谷町
75%
1889.04.01 町制 多賀郡 大津町
73%
1894.07.20 町制 久慈郡 久慈町
73%
1925.01.01 町制 多賀郡 助川町
73%
1889.04.01 町制 北相馬郡 相馬町
69%
1889.04.01 町制 東茨城郡 磯浜町
65%
1889.04.01 町制 西茨城郡 宍戸町
65%
1889.04.01 町制 多賀郡 松原町
65%
1889.04.01 町制 多賀郡 平潟町
65%
1889.04.01 町制 新治郡 柿岡町
65%
1889.04.01 町制 筑波郡 北条町
63%
1894.01.26 町制 東茨城郡 大貫町
63%
1889.04.01 町制 多賀郡 河原子町
61%
1889.04.01 町制 新治郡 高浜町
61%
1919.10.01 町制 東茨城郡 石塚町
61%
1928.04.17 町制 多賀郡 松岡町
61%
1889.04.01 町制 那珂郡 平磯町
59%
1889.04.01 町制 北相馬郡 布川町
59%
1889.04.01 町制 新治郡 真鍋町
57%
1889.04.01 町制 真壁郡 関本町
57%
1889.04.01 町制 多賀郡 豊浦町
47%
No matching quizzes found
Score Distribution
Percent of People with Each Score
Percentile by Number Answered
Your Score History
You have not taken this quiz since the last reset